00775nam a22002057a 450000500170000001000150001702000260003203500130005803700130007108200110008410000170009524501320011226000310024427000850027530000240036050000190038494200250040399900170042895201240044520140307105216.0 aENG-108996 a9788180389825c950.00 aEN-92529 bDBAD/PUB a345.54 aPandya, Asim aLaw of bail :cby Asim Pandya ; foreworded by D.H. Waghelabpractice and procedure : essential court volume for practitioners / aGurgaonbLexis Nexisc2013 a14th floor, Building No 10, Tower-B, DLF Cyber City, Phase-ll, bGurgaone122002 axl,725p.c24cm(pbk) aIncludes index 2ddccENmPANh345.54 c81436d81436 001040718NFICaDBADbDBADd2013-12-23eDBAD/PUBg950.00l0o345.54 PANpEN-92529r2013-12-23 00:00:00t1v950.00yEN